[Event "FRA-ch op"]
[Site "Nimes"]
[Date "2014.08.21"]
[Round "3"]
[White "Lagache, Yves"]
[Black "Said, Remi"]
[Result "0-1"]
[WhiteElo "1678"]
[BlackElo "1765"]
[PlyCount "38"]
[EventDate "2014.08.17"]
[EventType "swiss"]
[EventRounds "11"]
[EventCountry "FRA"]
[SourceTitle "EXT 2015"]
[Source "ChessBase"]
[SourceDate "2014.11.20"]
[SourceVersion "1"]
[SourceVersionDate "2014.11.20"]
[SourceQuality "1"]

1. d4 Nf6 2. Bg5 Ne4 3. Bf4 d5 4. f3 Nf6 5. Nc3 Bf5 6. e3 e6 7. Bd3 Bg6 8. e4 dxe4 9. fxe4 Bb4 10. Bg5 h6 11. Bh4 Nc6 12. Nf3 Qd7 13. Bxf6 gxf6 14. Qd2 0-0-0 15. a3 Ba5 16. b4 Bb6 17. d5 Ne5 18. Bb5 c6 19. dxc6 Nxf3+ 0-1